[Event "AUTO-OPEN-2866"]
[Site "http://www.queenalice.com/game.php?id=1131764"]
[Date "2012.12.16"]
[Round "1"]
[White "leaocolorado"]
[Black "d4c4Cc3"]
[Result "0-1"]
[WhiteElo "1500"]
[BlackElo "2194"]

1. Nf3 d5 2. d4 Nf6 3. b3 Bf5 4. Ng5 h6 5. Nxf7 Kxf7 6. c3 e6 7. f3 Bxb1 8. Rxb1
Bd6 9. h4 Rf8 10. e3 Bg3+ 0-1

[Event "AUTO-MASTER-1786"]
[Site "http://www.queenalice.com/game.php?id=1132005"]
[Date "2012.12.17"]
[Round "1"]
[White "dadge"]
[Black "d4c4Cc3"]
[Result "0-1"]
[WhiteElo "2048"]
[BlackElo "2195"]

1. e4 c6 2. d4 d5 3. e5 c5 4. c3 Nc6 5. f4 cxd4 6. cxd4 Qb6 7. Ne2 Bg4 8. Nbc3
e6 9. h3 Bxe2 10. Nxe2 Bb4+ 11. Kf2 f6 12. Be3 Nh6 13. g4 fxe5 14. dxe5 Bc5 15.
Bxc5 Qxc5+ 16. Kf3 O-O 17. Kg2 Nxe5 18. Qd4 Qxd4 19. Nxd4 Rxf4 20. Nxe6 Re4 21.
Rd1 Nexg4 22. hxg4 Rxe6 23. Rxd5 Nxg4 24. Rd7 Ne3+ 25. Kg3 Rg6+ 26. Kf2 Nxf1 27.
Kxf1 Rc8 28. Ke2 Rc2+ 29. Kd3 Rxb2 30. Rd8+ Kf7 31. Rxh7 Rbb6 32. Rd7+ Kf6 33.
Rh2 Ke6 34. Rc7 Rg3+ 35. Kd4 Kd6 36. Rf7 Rb4# 0-1

[Event "AUTO-MASTER-1786"]
[Site "http://www.queenalice.com/game.php?id=1132006"]
[Date "2012.12.17"]
[Round "1"]
[White "d4c4Cc3"]
[Black "dadge"]
[Result "1-0"]
[WhiteElo "2203"]
[BlackElo "2064"]

1. d4 e6 2. Nf3 d5 3. Bg5 Nf6 4. e3 Be7 5. Nbd2 Nbd7 6. Bd3 c5 7. c3 O-O 8. O-O
Re8 9. Rc1 c4 10. Bb1 b5 11. Qc2 g6 12. Rce1 a5 13. Ne5 Nxe5 14. dxe5 Nh5 15.
Bh6 b4 16. f4 f5 17. Nf3 a4 18. Bg5 b3 19. axb3 cxb3 20. Qd2 h6 21. Bxh6 Ba6 22.
Bd3 Qb6 23. Rb1 Kh7 24. Bg5 Bxg5 25. Nxg5+ Kg8 26. Bxa6 Rxa6 27. h3 Qb5 28. Qf2
a3 29. g4 a2 30. Ra1 Nxf4 31. exf4 Ra4 32. Qh4 Ra7 33. gxf5 exf5 34. Qf2 Rc7 35.
Qf3 Qc5+ 36. Kh1 d4 37. cxd4 Qxd4 38. Qxb3+ Kg7 39. Rxa2 Qc4 40. Qxc4 Rxc4 41.
Ra7+ Kg8 42. Ra6 Kg7 43. Rd1 1-0

[Event "AUTO-MASTER-1786"]
[Site "http://www.queenalice.com/game.php?id=1132017"]
[Date "2012.12.17"]
[Round "1"]
[White "artephius"]
[Black "d4c4Cc3"]
[Result "1/2-1/2"]
[WhiteElo "2198"]
[BlackElo "2193"]

1. Nf3 d5 2. c4 e6 3. b3 d4 4. Bb2 c5 5. d3 Nf6 6. g3 Nc6 7. Bg2 Be7 8. O-O O-O
9. Na3 e5 10. Nc2 Bf5 11. a3 a5 12. Qd2 Re8 13. Rad1 Qd7 14. e4 Bh3 15. Nh4 Bxg2
16. Kxg2 a4 17. b4 Nxe4 18. dxe4 Bxh4 19. gxh4 Qg4+ 20. Kh1 Qf3+ 1/2-1/2

[Event "AUTO-MASTER-1786"]
[Site "http://www.queenalice.com/game.php?id=1132018"]
[Date "2012.12.17"]
[Round "1"]
[White "d4c4Cc3"]
[Black "artephius"]
[Result "1-0"]
[WhiteElo "2211"]
[BlackElo "2077"]

1. d4 d5 2. Nf3 c5 3. c4 e6 4. cxd5 exd5 5. dxc5 Bxc5 6. Qc2 Qb6 7. e3 Nc6 8.
Nc3 Nb4 9. Qb3 Be6 10. Bb5+ Kf8 11. Nd4 Bxd4 12. exd4 Nc6 13. Qa3+ Nge7 14. Bxc6
bxc6 15. Be3 a5 16. Na4 Qb4+ 17. Qxb4 axb4 18. Nc5 Nf5 19. Kd2 Ke7 20. Rhe1 Nxe3
21. Rxe3 Kd6 22. Rg3 g6 23. Rb3 Rhb8 24. a3 bxa3 25. Rxb8 Rxb8 26. bxa3 Rb2+ 27.
Ke3 Kc7 28. a4 Kb6 29. a5+ Ka7 30. h4 Bc8 31. Ra3 Ba6 32. g3 Re2+ 33. Kf3 Rd2
34. Re3 Bb5 35. Re7+ Ka8 36. Rxf7 h5 37. Rf6 Rxd4 38. Rxg6 Rc4 39. Ne6 Kb7 40.
Rh6 Ka6 41. Rxh5 Kxa5 42. Nc7 Rc3+ 43. Kf4 Be2 44. Rh6 Rf3+ 45. Ke5 1-0

[Event "AUTO-MASTER-1652"]
[Site "http://www.queenalice.com/game.php?id=1138025"]
[Date "2013.1.7"]
[Round "2"]
[White "attachui"]
[Black "d4c4Cc3"]
[Result "1/2-1/2"]
[WhiteElo "2028"]
[BlackElo "2174"]

1. d4 d5 2. c4 c6 3. Nf3 Nf6 4. Nc3 a6 5. a4 e6 6. e3 Bb4 7. Bd2 O-O 8. cxd5
exd5 9. Bd3 Bg4 10. h3 Bh5 11. Rc1 Re8 12. O-O Bxc3 13. Bxc3 Ne4 14. Bb1 Nd7 15.
g4 Bg6 16. Nd2 Qh4 17. Nxe4 Bxe4 18. Bxe4 Rxe4 19. Qf3 Rae8 20. Kg2 R8e6 21. Qg3
Qd8 22. a5 h5 23. gxh5 Rh4 24. f4 Rxh5 25. Qf3 Reh6 26. Rh1 Nf6 27. Kf2 Qd7 28.
Ke2 Rxh3 29. Rxh3 Rxh3 30. Qg2 Qe6 31. Bd2 Ne4 32. Kd3 Qf5 33. Ke2 Qh7 34. Qg4
Qh5 35. Qxh5 Rxh5 36. Bc3 Rh2+ 37. Kd3 g6 38. Ra1 f5 39. Ra3 Kf7 40. Rb3 Nd6 41.
Bb4 Ne4 42. Be1 Nd6 43. Bb4 Nc4 44. Bc3 Rh3 45. Rxb7+ Ke6 46. Bd2 Rh2 47. Bc3
Rh3 48. Bd2 Rh2 1/2-1/2

[Event "AUTO-MASTER-1652"]
[Site "http://www.queenalice.com/game.php?id=1138026"]
[Date "2013.1.7"]
[Round "2"]
[White "d4c4Cc3"]
[Black "attachui"]
[Result "1-0"]
[WhiteElo "2219"]
[BlackElo "2082"]

1. d4 Nf6 2. Bg5 Ne4 3. Bf4 d5 4. f3 Nd6 5. Nc3 c6 6. e4 dxe4 7. fxe4 e6 8. Qf3
Nd7 9. O-O-O g5 10. Be5 Rg8 11. Bd3 g4 12. Qg3 Nxe5 13. dxe5 Nb5 14. Bxb5 Qg5+
15. Kb1 Bd7 16. Bd3 O-O-O 17. Qf2 Be8 18. Qxa7 Qxe5 19. Na4 Qb8 20. Nb6+ Kc7 21.
Qa5 c5 22. Ne2 Bc6 23. Bc4 Rd6 24. e5 Rd8 25. Na8+ 1-0

[Event "AUTO-MASTER-1652"]
[Site "http://www.queenalice.com/game.php?id=1138031"]
[Date "2013.1.7"]
[Round "2"]
[White "d4c4Cc3"]
[Black "Giant"]
[Result "0-1"]
[WhiteElo "2202"]
[BlackElo "2432"]

1. d4 Nf6 2. Bg5 Ne4 3. Bf4 d5 4. f3 Nd6 5. Nc3 Nc6 6. e4 e6 7. exd5 exd5 8.
Nxd5 Be6 9. Nc3 Ne7 10. d5 Bd7 11. Bd3 Ng6 12. Qe2+ Qe7 13. Qxe7+ Bxe7 14. Bg3
Nh4 15. Bxh4 Bxh4+ 16. g3 Bf6 17. Nge2 b5 18. a3 a5 19. O-O-O O-O 20. Ne4 Be7
21. Nc5 Bf5 22. Rhe1 Bxd3 23. Nxd3 Bf6 24. Nc5 Rfe8 25. Nd7 Bg5+ 26. f4 Re7 27.
Nc5 Rae8 28. fxg5 Rxe2 29. Rxe2 Rxe2 30. h4 Re7 31. b3 Kf8 32. Rd3 g6 33. Kd2
Kg7 34. Re3 Rxe3 35. Kxe3 Nf5+ 36. Kf4 Nd4 37. c3 Ne2+ 38. Ke5 Nxc3 39. Na6 Kf8
40. Nxc7 Ke7 41. d6+ Kd8 42. Nd5 Ne2 43. Nc7 Nxg3 44. Nxb5 Kd7 0-1

[Event "AUTO-MASTER-1652"]
[Site "http://www.queenalice.com/game.php?id=1138032"]
[Date "2013.1.7"]
[Round "2"]
[White "Giant"]
[Black "d4c4Cc3"]
[Result "1-0"]
[WhiteElo "2435"]
[BlackElo "2197"]

1. f4 d5 2. Nf3 Bg4 3. e3 Nf6 4. Be2 e6 5. O-O Nbd7 6. b3 Bd6 7. Bb2 O-O 8. c4
c6 9. Nc3 Rc8 10. d4 Re8 11. c5 Bc7 12. Ne5 Bxe2 13. Qxe2 Ba5 14. Nd3 Bxc3 15.
Bxc3 Ne4 16. Rac1 Ndf6 17. Be1 Nd7 18. b4 f6 19. Bh4 a5 20. a3 Qc7 21. Nf2 Nxf2
22. Rxf2 axb4 23. axb4 Ra8 24. Bg3 f5 25. Rff1 Nf6 26. Bh4 Ne4 27. Ra1 Nc3 28.
Qc2 Ne4 29. Rfb1 Ra6 30. Rxa6 bxa6 31. Ra1 Qb7 32. h3 Ra8 33. Be1 Qb5 34. Ra5
Qb7 35. g4 h6 36. Qe2 Kh7 37. Kh2 fxg4 38. hxg4 g5 39. Kg2 gxf4 40. exf4 Qg7 41.
Kh2 Qxd4 42. Rxa6 Rxa6 43. Qxa6 Qd1 44. Qxc6 Qe2+ 45. Kh3 Qf1+ 46. Kh2 Qe2+ 47.
Kh3 Qf1+ 48. Kh2 Qxf4+ 49. Kg1 Qxg4+ 50. Kf1 Qf5+ 51. Ke2 1-0

[Event "AUTO-OPEN-2866"]
[Site "http://www.queenalice.com/game.php?id=1170118"]
[Date "2013.4.10"]
[Round "2"]
[White "ORIONN"]
[Black "d4c4Cc3"]
[Result "0-1"]
[WhiteElo "1778"]
[BlackElo "2228"]

1. d4 d5 2. Nf3 Nf6 3. e3 Bg4 4. Be2 e6 5. O-O Bd6 6. Nc3 c6 7. Re1 O-O 8. a3
Nbd7 9. h3 Bf5 10. Bd3 Ne4 11. Qe2 Rc8 12. Nd2 Ndf6 13. Ncxe4 dxe4 14. Bc4 Bb8
15. c3 c5 16. Ba2 Qc7 17. Nf1 c4 18. Bb1 Bg6 0-1

[Event "AUTO-OPEN-2866"]
[Site "http://www.queenalice.com/game.php?id=1170119"]
[Date "2013.4.10"]
[Round "2"]
[White "d4c4Cc3"]
[Black "ORIONN"]
[Result "1-0"]
[WhiteElo "2227"]
[BlackElo "1780"]

1. d4 d5 2. c4 e6 3. Nc3 c6 4. e3 Bd6 5. Nf3 Nf6 6. Bd3 Nbd7 7. O-O O-O 8. b3 a6
9. Bb2 b5 10. Rc1 e5 11. dxe5 Nxe5 12. Nxe5 Bxe5 13. cxd5 cxd5 14. Qc2 Bb7 15.
Ne2 Bxb2 16. Qxb2 Qd6 17. Qd4 Rac8 18. Bf5 Nd7 19. Qf4 1-0

[Event "AUTO-MASTER-1786"]
[Site "http://www.queenalice.com/game.php?id=1181228"]
[Date "2013.5.14"]
[Round "2"]
[White "crono"]
[Black "d4c4Cc3"]
[Result "1-0"]
[WhiteElo "2119"]
[BlackElo "2217"]

1. d4 d5 2. c4 c6 3. e3 Nf6 4. Nf3 Bf5 5. Qb3 Qb6 6. c5 Qxb3 7. axb3 Nbd7 8. Nc3
e5 9. b4 e4 10. Nd2 Be7 11. Be2 O-O 12. O-O a6 13. Re1 Rfe8 14. Nf1 Bg6 15. Bd2
Bh5 16. Ng3 Bxe2 17. Ngxe2 g5 18. Ra5 h5 19. Rea1 Kh7 20. b5 Rab8 21. bxc6 bxc6
22. Bc1 1-0

[Event "AUTO-MASTER-1786"]
[Site "http://www.queenalice.com/game.php?id=1181229"]
[Date "2013.5.14"]
[Round "2"]
[White "d4c4Cc3"]
[Black "crono"]
[Result "0-1"]
[WhiteElo "2186"]
[BlackElo "2189"]

1. d4 Nf6 2. c4 g6 3. Nc3 Bg7 4. e4 d6 5. Be2 Nbd7 6. Bg5 c6 7. Qd2 Qb6 8. Nf3
e5 9. dxe5 dxe5 10. O-O Qc7 11. Bh6 O-O 12. Bxg7 Kxg7 13. Rac1 Nc5 14. Qe3 Ne6
15. Rfd1 Nf4 16. g3 Nxe2+ 17. Qxe2 Bg4 18. h3 Bxh3 19. b4 Bg4 20. Qe3 Bxf3 21.
Qxf3 Rfd8 22. b5 Rxd1+ 23. Rxd1 Rd8 24. Rd3 Rxd3 25. Qxd3 Qd7 26. Qxd7 Nxd7 27.
a4 Kf6 28. Kg2 Ke6 29. f3 Nb6 30. c5 Nd7 31. a5 Nxc5 32. a6 cxb5 33. axb7 Nxb7
34. Nxb5 a5 35. Kf2 Kd7 36. Ke3 Nd6 37. Nc3 Kc6 38. Kd3 Kc5 39. Nd5 Ne8 40. Kc3
f5 41. g4 fxe4 42. fxe4 h5 43. gxh5 gxh5 44. Ne3 Nd6 0-1

[Event "AUTO-MASTER-1786"]
[Site "http://www.queenalice.com/game.php?id=1181230"]
[Date "2013.5.14"]
[Round "2"]
[White "juli1"]
[Black "d4c4Cc3"]
[Result "1-0"]
[WhiteElo "2424"]
[BlackElo "2229"]

1. g3 d5 2. Bg2 d4 3. c3 e5 4. cxd4 exd4 5. Qa4+ c6 6. d3 Nf6 7. Nf3 Bc5 8. O-O
O-O 9. Nbd2 Re8 10. Re1 Be6 11. b4 Bb6 12. Bb2 Bd7 13. Qc2 Be6 14. Nc4 Bxc4 15.
dxc4 Na6 16. a3 c5 17. Nxd4 cxb4 18. e3 1-0

[Event "AUTO-MASTER-1786"]
[Site "http://www.queenalice.com/game.php?id=1181231"]
[Date "2013.5.14"]
[Round "2"]
[White "d4c4Cc3"]
[Black "juli1"]
[Result "0-1"]
[WhiteElo "2223"]
[BlackElo "2428"]

1. d4 d5 2. c4 Nc6 3. Nc3 dxc4 4. d5 Ne5 5. f4 Nd7 6. e4 Nb6 7. Bxc4 Nxc4 8.
Qa4+ c6 9. Qxc4 e6 10. dxc6 Qb6 11. Nge2 Nf6 12. e5 Nd5 13. Nxd5 exd5 14. Qxd5
Bc5 15. Qf3 O-O 16. Bd2 bxc6 17. Qb3 Bf2+ 18. Kf1 Rd8 19. Qxb6 Bxb6 0-1

[Event "AUTO-OPEN-2866"]
[Site "http://www.queenalice.com/game.php?id=1205242"]
[Date "2013.8.4"]
[Round "3"]
[White "jiba45"]
[Black "d4c4Cc3"]
[Result "1-0"]
[WhiteElo "2379"]
[BlackElo "2192"]

1. d4 e6 2. Nf3 d5 3. c4 Nf6 4. Nc3 c6 5. e3 Ne4 6. Bd3 f5 7. Ne5 g6 8. cxd5
exd5 9. O-O Nd7 10. f3 Nxc3 11. bxc3 Qf6 12. Nxd7 Bxd7 13. Qb3 Rb8 14. e4 Be6
15. Bf4 dxe4 16. Qb1 1-0

[Event "AUTO-OPEN-2866"]
[Site "http://www.queenalice.com/game.php?id=1205243"]
[Date "2013.8.4"]
[Round "3"]
[White "d4c4Cc3"]
[Black "jiba45"]
[Result "0-1"]
[WhiteElo "2170"]
[BlackElo "2416"]

1. d4 d5 2. c4 e6 3. Nc3 Nf6 4. Bg5 Be7 5. cxd5 exd5 6. Qc2 c6 7. e3 Nbd7 8. Nf3
Nf8 9. Bd3 Ne6 10. Bh4 g6 11. Ne5 O-O 12. O-O Ng7 13. a3 Bf5 14. Bxf5 Nxf5 15.
Bxf6 Bxf6 16. Nd3 Qe7 17. b4 Rac8 18. Rfe1 Nd6 19. Rac1 Nc4 20. Qa2 Bg7 21. Na4
Rfe8 22. Kf1 a5 23. Nab2 axb4 24. Nxc4 dxc4 25. Nxb4 b5 26. Nc2 Ra8 27. Qb1 Ra4
28. Nb4 Qc7 29. g3 Rxa3 30. Re2 c5 31. Nd5 Qc6 32. Nc3 Qh1# 0-1

[Event "Challenge"]
[Site "http://www.queenalice.com/game.php?id=1207894"]
[Date "2013.8.14"]
[Round "-"]
[White "d4c4Cc3"]
[Black "jeancarlo1910"]
[Result "1-0"]
[WhiteElo "2165"]
[BlackElo "2083"]

1. d4 c5 2. dxc5 Nc6 3. g3 Nf6 4. Bg2 e5 5. Nc3 Bxc5 6. Ne4 Nxe4 7. Bxe4 O-O 8.
c3 Kh8 9. Qd5 d6 10. b4 Be6 11. Qd2 Bb6 12. Nf3 f5 13. Bd5 Bxd5 14. Qxd5 f4 15.
O-O fxg3 16. hxg3 Qd7 17. Kg2 Ne7 18. Qd3 Qc6 19. Kh2 Bc7 20. Ng5 Ng6 21. b5 Qd7
22. Rh1 Qg4 23. Kg2 Kg8 24. Qd5+ 1-0